000 00486nam a2200181Ia 4500
005 20250326123533.0
008 250326s9999 xx 000 0 und d
037 _aTextbook
040 _aFMSL
_beng
_cFMSL
041 _aeng
_2eng
084 _aX:513 L32
_qFMSL
100 _aGensch D H
_9735421
245 0 _aAdvertising planning
_cGensch D H
260 _aNY
_bNY, Elsevier Scientific
_c1973
300 _a176p
942 _cTB
_hX:513 L32
999 _c1269819
_d1269819